[Event "zt2.3.c2"]
[Site "San Jose"]
[Date "2004.09.12"]
[Round "9"]
[White "Valdes, Leonardo"]
[Black "Ramirez Alvarez, Alejandro"]
[Result "1/2-1/2"]
[WhiteElo "2370"]
[BlackElo "2516"]
[PlyCount "72"]
[EventDate "2004.09.05"]
[Source "Roberto Alvarez"]
[SourceDate "2004.10.05"]

1. c4 c6 2. Nf3 d5 3. b3 Bg4 4. Bb2 Nd7 5. g3 Bxf3 6. exf3 Ngf6 7. Bg2 e6 8. O-O Bd6 9. f4 O-O 10. Qc2 Qc7 11. d3 Rfe8 12. Nd2 e5 13. fxe5 Nxe5 14. a3 Rad8 15. Rad1 Bf8 16. d4 Ng6 17. Rfe1 Rxe1+ 18. Rxe1 Ne7 19. Nf3 g6 20. Bc1 dxc4 21. bxc4 Nf5 22. Bb2 Bg7 23. Bc3 Nd6 24. Nd2 Qd7 25. Qb2 Re8 26. Rxe8+ Nfxe8 27. a4 Nf5 28. Bh3 Ned6 29. c5 Nc8 30. Nc4 Qc7 31. Qe2 Qe7 32. Qd3 Qe6 33. Bxf5 gxf5 34. Ne3 Ne7 35. Qb1 Bh6 36. Qxb7 Bxe3 1/2-1/2

[Event "Bundesliga 9596"]
[Site "GER"]
[Date "1996.??.??"]
[Round "?"]
[White "Pribyl, Josef"]
[Black "Keitlinghaus, Ludger"]
[Result "1/2-1/2"]
[WhiteElo "2405"]
[BlackElo "2475"]
[PlyCount "36"]
[EventDate "1995.10.??"]
[Source "www.chesslib.no"]
[SourceDate "2004.05.04"]

1. c4 c6 2. Nf3 d5 3. b3 Bg4 4. Bb2 Bxf3 5. gxf3 e6 6. e3 Nf6 7. f4 Bd6 8. Nc3 Qe7 9. Qc2 Ba3 10. Bxa3 Qxa3 11. cxd5 exd5 12. Nb5 Qe7 13. Nd4 g6 14. Rg1 Ne4 15. Bd3 Nd6 16. Qc3 Rf8 17. b4 Nd7 18. a4 Qf6 1/2-1/2

[Event "CZE-chT2a 0001"]
[Site "?"]
[Date "2001.??.??"]
[Round "11"]
[White "Vokac Marek"]
[Black "Lechtynsky Jiri"]
[Result "0-1"]
[WhiteElo "2490"]
[BlackElo "2385"]
[PlyCount "124"]
[EventDate "2001.??.??"]
[Source "www.chesslib.no"]
[SourceDate "2004.05.04"]

1. c4 c6 2. Nf3 d5 3. b3 Bg4 4. Bb2 Bxf3 5. gxf3 e6 6. e3 Nf6 7. f4 g6 8. Qc2 Nbd7 9. Be2 Bg7 10. d3 O-O 11. Nd2 Ne8 12. Nf3 a5 13. O-O Bxb2 14. Qxb2 Nd6 15. Rfd1 Qe7 16. Bf1 Nf5 17. cxd5 exd5 18. Bh3 Ng7 19. a3 Nc5 20. Rab1 h6 21. b4 axb4 22. axb4 Na4 23. Qc2 Ne6 24. Bxe6 Qxe6 25. Nd4 Qe7 26. Kh1 Kh7 27. Rg1 Nb6 28. f5 Nd7 29. Rg3 Nf6 30. Qc5 Rfe8 31. fxg6+ fxg6 32. Rbg1 Qxc5 33. bxc5 Rg8 34. Rb1 Rg7 35. Rf3 Ng4 36. Ne6 Re7 37. d4 Rxe6 38. Rf7+ Kh8 39. Rbxb7 Nf6 40. Kg2 g5 41. Kg3 Kg8 42. Rg7+ Kh8 43. Rgf7 h5 44. h4 Ne4+ 45. Kg2 Rg6 46. hxg5 Nxg5 47. Rf5 h4 48. Kh2 Kg8 49. Rd7 Ne4 50. Rdf7 Rg7 51. Rxg7+ Kxg7 52. f3 Nd2 53. e4 Rf8 54. Rxf8 Kxf8 55. exd5 cxd5 56. f4 Nf3+ 57. Kh3 Nxd4 58. Kxh4 Ke7 59. Kg5 Ke6 60. Kg6 Nf5 61. Kg5 d4 62. Kg4 d3 0-1

[Event "It (Men) Schaumburg USA"]
[Site "?"]
[Date "2006.04.20"]
[Round "5"]
[White "Goletiani Rusudan"]
[Black "Gurevich Dmitry"]
[Result "1/2-1/2"]
[WhiteElo "2371"]
[BlackElo "2503"]
[PlyCount "117"]
[EventDate "2006.??.??"]
[Source "www.chesslib.no"]
[SourceDate "2004.05.04"]

1. c4 c6 2. Nf3 d5 3. b3 Bg4 4. e3 e6 5. Bb2 Nd7 6. Be2 Ngf6 7. O-O Bd6 8. d4 Qb8 9. h3 Bf5 10. Nc3 a6 11. Bd3 Bxd3 12. Qxd3 O-O 13. e4 dxe4 14. Nxe4 Nxe4 15. Qxe4 Nf6 16. Qc2 Qc7 17. Rfe1 Rad8 18. Rad1 Be7 19. Bc3 h6 20. Qe2 Qb6 21. Ne5 Qc7 22. Rd3 c5 23. dxc5 Bxc5 24. Rg3 Bd4 25. Qf3 Nh7 26. Bxd4 Rxd4 27. Qe3 Rfd8 28. h4 Rd1 29. Rxd1 Rxd1+ 30. Kh2 Nf6 31. Qf3 Re1 32. Qxf6 Qxe5 33. Qxe5 Rxe5 34. Rd3 Re2 35. Rd8+ Kh7 36. Rd7 Rxa2 37. Rxf7 b5 38. cxb5 axb5 39. Kg3 Rb2 40. Rf3 Kg6 41. Kf4 Re2 42. g4 h5 43. g5 e5+ 44. Kg3 Rd2 45. Rc3 b4 46. Re3 Kf5 47. Rf3+ Ke6 48. Kg2 e4 49. Rf4 Ke5 50. Rf7 g6 51. Rb7 Rb2 52. Rb5+ Kd6 53. Rxb4 e3 54. Rf4 Kd5 55. Kf1 Rxb3 56. fxe3 Rxe3 57. Rf6 Re6 58. Rxe6 Kxe6 59. Ke2 1/2-1/2

[Event "Cuxhaven Open"]
[Site "Cuxhaven"]
[Date "1993.??.??"]
[Round "4"]
[White "Telljohann, Sven"]
[Black "Kuporosov, Viktor"]
[Result "1/2-1/2"]
[WhiteElo "2370"]
[BlackElo "2500"]
[PlyCount "61"]
[EventDate "1993.03.??"]
[Source "www.chesslib.no"]
[SourceDate "2004.05.04"]

1. c4 c6 2. Nf3 d5 3. b3 Bg4 4. e3 e6 5. Be2 Nd7 6. O-O Ngf6 7. Bb2 Bd6 8. d4 O-O 9. Nbd2 Qb8 10. h3 Bh5 11. Nh4 Bg6 12. Nxg6 hxg6 13. Bd3 Re8 14. e4 e5 15. exd5 cxd5 16. dxe5 Bxe5 17. Bxe5 Nxe5 18. Nf3 dxc4 19. Nxe5 cxd3 20. Nxd3 Qd6 21. Nb2 Qf4 22. Nc4 b5 23. Qd6 Qg5 24. Ne3 Rad8 25. Qc7 Nh5 26. Rad1 Nf4 27. Rxd8 Rxd8 28. Kh1 Rd3 29. Qxa7 Kh7 30. Qb7 f6 31. Rd1 1/2-1/2

[Event "Vrnjacka Banja"]
[Site "?"]
[Date "1978.??.??"]
[Round "14"]
[White "Martinovic Slobodan"]
[Black "Joksic Sinisa"]
[Result "1-0"]
[WhiteElo "2460"]
[BlackElo "2410"]
[PlyCount "103"]
[EventDate "1978.??.??"]
[Source "www.chesslib.no"]
[SourceDate "2004.05.04"]

1. c4 c6 2. Nf3 d5 3. b3 Bg4 4. e3 Nd7 5. Bb2 e6 6. Be2 f5 7. Nd4 Bxe2 8. Qxe2 Kf7 9. cxd5 cxd5 10. O-O Ngf6 11. d3 Bd6 12. Nd2 Rc8 13. e4 Re8 14. N2f3 dxe4 15. Nb5 Bb8 16. dxe4 a6 17. Nc3 Qa5 18. Rac1 Kg8 19. a3 Ne5 20. g3 fxe4 21. Nxe4 Nxe4 22. Qxe4 Rxc1 23. Bxc1 Nxf3+ 24. Qxf3 Qd5 25. Qe3 Be5 26. Qe2 Bf6 27. Qc2 Rd8 28. b4 Qd3 29. Qc7 Qd7 30. Qc4 Qd5 31. Qe2 Rd6 32. Bf4 e5 33. Be3 Qd3 34. Qg4 Qd5 35. Rc1 Rd7 36. Bb6 g6 37. h4 Kg7 38. h5 e4 39. Be3 Qf5 40. h6+ Kf7 41. Qe2 Qd5 42. Kg2 g5 43. Qh5+ Ke6 44. Rc5 Qd1 45. Qh3+ g4 46. Qh5 Qf3+ 47. Kh2 Rd8 48. a4 Bb2 49. Rg5 Bd4 50. Bxd4 Rxd4 51. Qe8+ Kf6 52. Qe5+ 1-0

[Event "Cappelle Open"]
[Site "Cappelle la Grande FRA"]
[Date "1993.??.??"]
[Round "5"]
[White "Fauland, Alexander"]
[Black "Kallai, Gabor"]
[Result "0-1"]
[WhiteElo "2420"]
[BlackElo "2450"]
[PlyCount "86"]
[EventDate "1993.02.??"]
[Source "www.chesslib.no"]
[SourceDate "2004.05.04"]

1. c4 c6 2. Nf3 d5 3. b3 Bg4 4. e3 Nf6 5. Bb2 e6 6. d3 Nbd7 7. Be2 Bd6 8. h3 Bxf3 9. Bxf3 O-O 10. O-O b5 11. Nc3 Rb8 12. Rc1 Qa5 13. Rc2 bxc4 14. dxc4 Rfd8 15. cxd5 cxd5 16. Qc1 Be5 17. Rd1 h6 18. Rdd2 d4 19. Nd1 d3 20. b4 Qxb4 21. Rc4 Qa5 22. Ba3 Nd5 23. g3 Bf6 24. Bd6 Rb1 25. Qxb1 Qxd2 26. e4 N7b6 27. Rc6 Nc3 28. Nxc3 Bxc3 29. Bc5 Bd4 30. Bxd4 Rxd4 31. a3 Rc4 32. Rxc4 Nxc4 33. Qb5 Qc1+ 34. Kg2 d2 35. Qe8+ Kh7 36. Qxf7 Ne5 37. Qxe6 Nxf3 38. Qf5+ Kg8 39. Qd5+ Kf8 40. Qd8+ Kf7 41. Qd7+ Kf6 42. Qd6+ Kf7 43. Qd7+ Kg8 0-1

[Event "SCO-ch100"]
[Site "Scotland"]
[Date "1993.??.??"]
[Round "?"]
[White "McNab, Colin Anderson"]
[Black "McKay, Roderick M"]
[Result "1-0"]
[WhiteElo "2490"]
[BlackElo "2375"]
[PlyCount "71"]
[EventDate "1993.??.??"]
[Source "www.chesslib.no"]
[SourceDate "2004.05.04"]

1. c4 c6 2. Nf3 d5 3. b3 Bg4 4. Bb2 Nd7 5. d4 Bxf3 6. gxf3 e6 7. Nc3 Ngf6 8. e3 Qc7 9. Qc2 a6 10. f4 g6 11. Be2 Be7 12. Rc1 Qa5 13. a3 dxc4 14. bxc4 g5 15. fxg5 Qxg5 16. Bf3 Qh4 17. Ke2 e5 18. Ne4 exd4 19. Bxd4 Nxe4 20. Qxe4 Qxe4 21. Bxe4 Bf6 22. Rhd1 Bxd4 23. Rxd4 Nc5 24. Rcd1 h6 25. Bf3 Ke7 26. Rh4 a5 27. Rh5 Nd7 28. Rb1 Ra7 29. c5 Kf6 30. Rd1 Nf8 31. Be4 Ne6 32. Rd7 Kg7 33. Re5 Nf8 34. Rc7 Ng6 35. Rf5 Rf8 36. Bxc6 1-0

[Event "FRA-chT"]
[Site "FRA"]
[Date "1998.02.06"]
[Round "1"]
[White "Spiridonov, Nikola"]
[Black "Prie, Eric"]
[Result "0-1"]
[WhiteElo "2395"]
[BlackElo "2470"]
[PlyCount "62"]
[EventDate "1998.02.06"]
[Source "ChessBase"]
[SourceDate "1998.07.07"]

1. c4 c6 2. Nf3 d5 3. b3 Bg4 4. Bb2 Bxf3 5. gxf3 e6 6. e3 Nf6 7. d4 Be7 8. Nd2 O-O 9. Bg2 c5 10. dxc5 Bxc5 11. O-O Nc6 12. cxd5 Nxd5 13. Ne4 Be7 14. f4 f5 15. Ng3 Bf6 16. Bxf6 Rxf6 17. Qd2 Nce7 18. Rac1 Rf7 19. Rc4 Kh8 20. Rd1 Qe8 21. Qb2 Rd8 22. Rcd4 Rc8 23. Rc4 Rd8 24. Rc5 Qf8 25. b4 Nc6 26. Rc4 Rfd7 27. b5 Nb6 28. Rxd7 Nxc4 29. Rxd8 Nxd8 30. Qe2 Nd6 31. Qd3 Qe7 0-1

[Event "Moscow2"]
[Site "Moscow RUS"]
[Date "1990.??.??"]
[Round "?"]
[White "Zlotnik, Boris A"]
[Black "Mukhametov, Eldar"]
[Result "1-0"]
[WhiteElo "2465"]
[BlackElo "2390"]
[PlyCount "103"]
[EventDate "1990.??.??"]
[Source "www.chesslib.no"]
[SourceDate "2004.05.04"]

1. c4 c6 2. Nf3 d5 3. b3 Bg4 4. Ne5 Bh5 5. Bb2 Nd7 6. Nd3 Qb8 7. g3 e5 8. cxd5 cxd5 9. Nc3 Ngf6 10. Rc1 a6 11. Bg2 d4 12. Na4 Bd6 13. b4 b6 14. Qc2 Ra7 15. Qc8+ Ke7 16. Qxb8 Rxb8 17. f4 Bg6 18. fxe5 Nxe5 19. Nf4 d3 20. e3 Bf5 21. Bd4 g5 22. Nd5+ Nxd5 23. Bxd5 Be6 24. Bg2 Nc4 25. Bc3 Bd7 26. Nb2 Nxb2 27. Bxb2 Bxb4 28. Be4 h6 29. Bd4 Bc5 30. Rxc5 bxc5 31. Bxc5+ Ke6 32. Bxa7 Rb1+ 33. Kf2 Rb2 34. g4 Rxd2+ 35. Kf3 Ba4 36. h4 Bd1+ 37. Kg3 Be2 38. hxg5 hxg5 39. Rb1 Rxa2 40. Bf3 Kd6 41. Bxe2 dxe2 42. Kf2 Ke5 43. Bb8+ Kd5 44. Rb4 a5 45. Rd4+ Ke6 46. Re4+ Kd7 47. Be5 a4 48. Bf6 a3 49. Ra4 e1=Q+ 50. Kxe1 Rg2 51. Kf1 Rg3 52. Kf2 1-0

[Event "Mind Sports Games - Rapid Team"]
[Site "Pechino CINA"]
[Date "2008.10.14"]
[Round "1"]
[White "Sandler, L."]
[Black "Varga, Zo"]
[Result "1/2-1/2"]
[WhiteElo "2357"]
[BlackElo "2494"]
[PlyCount "51"]
[EventDate "2008.10.14"]
[Source "www.chesslib.no"]
[SourceDate "2004.05.04"]

1. c4 c6 2. Nf3 d5 3. b3 Bg4 4. Bb2 e6 5. e3 Nd7 6. Be2 Ngf6 7. h3 Bh5 8. O-O Bd6 9. cxd5 cxd5 10. Nd4 Bg6 11. f4 O-O 12. Nc3 a6 13. Rc1 Re8 14. Nf3 e5 15. fxe5 Nxe5 16. Nxe5 Bxe5 17. Na4 b5 18. Bxe5 Rxe5 19. Nc5 Ne4 20. Bf3 Qd6 21. d4 Re7 22. Bxe4 Bxe4 23. Nxe4 Rxe4 24. Qd2 Rae8 25. Rf3 R4e7 26. Rc5 1/2-1/2

[Event "2.Bundesliga Ost 04/05"]
[Site "AUT"]
[Date "2004.10.10"]
[Round "2.3"]
[White "Pingitzer, Harald"]
[Black "Volkmann, Friedrich Karl"]
[Result "0-1"]
[WhiteElo "2389"]
[BlackElo "2454"]
[PlyCount "114"]
[EventDate "2004.10.09"]
[Source "Roberto Alvarez"]
[SourceDate "2004.11.15"]

1. c4 c6 2. Nf3 d5 3. b3 Bg4 4. Ne5 Bf5 5. cxd5 Qxd5 6. Bb2 Nd7 7. Nc4 e5 8. Ne3 Qe6 9. Nxf5 Qxf5 10. e3 Ngf6 11. d3 Rd8 12. Qf3 Bb4+ 13. Nc3 Qxf3 14. gxf3 Nd5 15. Rc1 Nc5 16. Kd2 e4 17. d4 exf3 18. Bd3 Nxd3 19. Kxd3 f5 20. Nxd5 Rxd5 21. Rcg1 Kf7 22. Rg3 Rg8 23. Rxf3 g5 24. Rg3 Kg6 25. Rg2 Bf8 26. f3 Bg7 27. h4 h6 28. b4 a5 29. hxg5 hxg5 30. Rhg1 Bh6 31. e4 fxe4+ 32. fxe4 Rb5 33. Bc1 Rd8 34. a3 axb4 35. Kc4 bxa3 36. Bxa3 Ra8 37. Bd6 Ra4+ 38. Kc3 Rba5 39. Bb4 Ra8 40. e5 Ra1 41. Rxa1 Rxa1 42. e6 Re1 43. e7 Bg7 44. Kd3 Re6 45. Ra2 Bf6 46. Ra7 Bxe7 47. Rxb7 Bxb4 48. Rxb4 Kf5 49. Kc4 g4 50. Rb8 g3 51. Rf8+ Rf6 52. Rg8 Rg6 53. Rf8+ Kg4 54. Ra8 g2 55. Ra1 Kh3 56. Kc5 Kh2 57. Ra2 Kh1 0-1

[Event "London Lloyds"]
[Site "London ENG"]
[Date "1993.??.??"]
[Round "2"]
[White "Conquest, Stuart"]
[Black "Summerscale, Aaron"]
[Result "1-0"]
[WhiteElo "2485"]
[BlackElo "2355"]
[PlyCount "75"]
[EventDate "1993.08.??"]
[Source "www.chesslib.no"]
[SourceDate "2004.05.04"]

1. c4 c6 2. Nf3 d5 3. b3 Bg4 4. Bb2 e6 5. e3 Nf6 6. Be2 Nbd7 7. O-O Bd6 8. d4 Qb8 9. Nbd2 O-O 10. h3 Bh5 11. Rc1 Rd8 12. Qc2 Bg6 13. Bd3 Bf8 14. Rfd1 c5 15. Bxg6 hxg6 16. dxc5 Bxc5 17. Qb1 Bf8 18. Qa1 a6 19. Ne5 Nc5 20. Ndf3 Nce4 21. cxd5 Nxd5 22. Rc4 Ndf6 23. Rdc1 Nd6 24. Ra4 Rc8 25. Ng5 Rxc1+ 26. Qxc1 Qc8 27. Qb1 Be7 28. Ba3 Nd5 29. Rg4 Bxg5 30. Rxg5 Ne8 31. Rg3 Nc3 32. Qd3 Nxa2 33. Qe4 Nc3 34. Qf3 Qc7 35. Nxg6 fxg6 36. Qf8+ Kh7 37. Rg4 g5 38. Rxg5 1-0

[Event "Bratislava Open"]
[Site "Bratislava SVK"]
[Date "1993.??.??"]
[Round "6"]
[White "Contin, Daniel"]
[Black "Berezjuk, Sergej"]
[Result "1-0"]
[WhiteElo "2385"]
[BlackElo "2435"]
[PlyCount "79"]
[EventDate "1993.??.??"]
[Source "www.chesslib.no"]
[SourceDate "2004.05.04"]

1. c4 c6 2. Nf3 d5 3. b3 Bg4 4. e3 e6 5. Bb2 Nf6 6. Be2 Nbd7 7. Nc3 Bd6 8. cxd5 exd5 9. Nd4 Ne5 10. f3 Bd7 11. Qc2 O-O 12. f4 Ng6 13. Nf5 Bxf5 14. Qxf5 Re8 15. O-O d4 16. exd4 Bc7 17. d5 Nxd5 18. Bc4 Bb6+ 19. Kh1 Bd4 20. Bxd5 cxd5 21. Qd3 Bf6 22. Rab1 Ne7 23. Ba3 Nc6 24. Nxd5 Bd4 25. Qf3 Qd7 26. Nb4 Rac8 27. Nxc6 Rxc6 28. Rfe1 Bf6 29. Qd5 Qc8 30. Rxe8+ Qxe8 31. Bc5 h6 32. Be3 Qc8 33. g3 Rc2 34. a4 h5 35. Bxa7 h4 36. gxh4 Bxh4 37. Be3 Bf6 38. b4 Rc6 39. b5 Re6 40. Rf1 1-0

[Event "Copa Union de Reyes 4th"]
[Site "?"]
[Date "1999.??.??"]
[Round "4"]
[White "Perez Rodney"]
[Black "Abreu Aryam"]
[Result "1/2-1/2"]
[WhiteElo "2406"]
[BlackElo "2410"]
[PlyCount "21"]
[EventDate "1999.??.??"]
[Source "www.chesslib.no"]
[SourceDate "2004.05.04"]

1. c4 c6 2. Nf3 d5 3. b3 Bg4 4. e3 e6 5. Bb2 Nd7 6. Be2 Ngf6 7. O-O Be7 8. Nc3 h6 9. cxd5 cxd5 10. Nd4 Bxe2 11. Qxe2 1/2-1/2

[Event "Asti Open"]
[Site "Asti ITA"]
[Date "1995.??.??"]
[Round "3"]
[White "Sarno, Spartaco"]
[Black "Belotti, Bruno"]
[Result "1/2-1/2"]
[WhiteElo "2410"]
[BlackElo "2405"]
[PlyCount "24"]
[EventDate "1995.??.??"]
[Source "www.chesslib.no"]
[SourceDate "2004.05.04"]

1. c4 c6 2. Nf3 d5 3. b3 Bg4 4. Bb2 Nd7 5. g3 Bxf3 6. exf3 Ngf6 7. f4 e6 8. Be2 Be7 9. O-O O-O 10. d4 Ne4 11. Nd2 Nxd2 12. Qxd2 Bf6 1/2-1/2

[Event "Mind Sports Games - Rapid Team"]
[Site "Pechino CINA"]
[Date "2008.10.15"]
[Round "5"]
[White "Sandler, L."]
[Black "Pedersen, Stef"]
[Result "1-0"]
[WhiteElo "2357"]
[BlackElo "2457"]
[PlyCount "65"]
[EventDate "2008.10.14"]
[Source "www.chesslib.no"]
[SourceDate "2004.05.04"]

1. c4 c6 2. Nf3 d5 3. b3 Bg4 4. Bb2 e6 5. e3 Nd7 6. Be2 Ngf6 7. h3 Bh5 8. O-O Bg6 9. Nc3 h6 10. cxd5 cxd5 11. d4 Be7 12. Bd3 Bxd3 13. Qxd3 O-O 14. Rac1 a6 15. Rc2 Bd6 16. Rfc1 Qe7 17. Na4 Rfd8 18. Ne5 Rab8 19. f3 Qe8 20. Nc5 Bxe5 21. dxe5 Nxc5 22. Rxc5 Nd7 23. Rc7 d4 24. Bxd4 Nxe5 25. Qc3 Nc6 26. Bxg7 e5 27. Bxh6 Rd6 28. Bg5 Rg6 29. Bh4 Qe6 30. Qc4 Qf5 31. Kh2 Rf8 32. Qe4 Qe6 33. Rxb7 1-0

[Event "Florianopolis op"]
[Site "?"]
[Date "1998.??.??"]
[Round "3"]
[White "Valiente Cristobal"]
[Black "Matsuura Everaldo"]
[Result "1-0"]
[WhiteElo "2400"]
[BlackElo "2405"]
[PlyCount "51"]
[EventDate "1998.??.??"]
[Source "www.chesslib.no"]
[SourceDate "2004.05.04"]

1. c4 c6 2. Nf3 d5 3. b3 Bg4 4. Bb2 Nd7 5. g3 Ngf6 6. Bg2 e6 7. O-O Bd6 8. d3 O-O 9. h3 Bh5 10. Nbd2 a5 11. a3 e5 12. Nh4 Re8 13. Re1 e4 14. dxe4 dxe4 15. Nxe4 Nxe4 16. Bxe4 Bxg3 17. Bxh7+ Kxh7 18. Qd3+ g6 19. fxg3 Qe7 20. Ng2 Bxe2 21. Qd2 Rad8 22. Qf4 f6 23. Qf2 g5 24. Ra2 Qd6 25. Rxe2 Qd1+ 26. Re1 1-0

[Event "65. ch-ITA"]
[Site "?"]
[Date "2005.11.30"]
[Round "8"]
[White "Contin Daniel"]
[Black "Bruno Fabio"]
[Result "1/2-1/2"]
[WhiteElo "2385"]
[BlackElo "2417"]
[PlyCount "39"]
[EventDate "2005.??.??"]
[Source "www.chesslib.no"]
[SourceDate "2004.05.04"]

1. c4 c6 2. Nf3 d5 3. b3 Bg4 4. e3 Nf6 5. Bb2 e6 6. Be2 Nbd7 7. h3 Bh5 8. d3 Bb4+ 9. Kf1 Bxf3 10. Bxf3 Bd6 11. Nc3 Qe7 12. g3 Ba3 13. Qc1 Bxb2 14. Qxb2 O-O 15. Kg2 Ne5 16. Be2 c5 17. Na4 Nc6 18. Bf3 Rac8 19. Rac1 b6 20. Rhd1 1/2-1/2

[Event "Massy Open"]
[Site "Massy"]
[Date "1993.??.??"]
[Round "4"]
[White "Dussol, Pierre"]
[Black "Komarov, Dimitri"]
[Result "0-1"]
[WhiteElo "2275"]
[BlackElo "2525"]
[PlyCount "50"]
[EventDate "1993.??.??"]
[Source "www.chesslib.no"]
[SourceDate "2004.05.04"]

1. c4 c6 2. Nf3 d5 3. b3 Bg4 4. Bb2 Nd7 5. e3 Ngf6 6. Be2 e6 7. O-O Bd6 8. d3 O-O 9. Nbd2 Re8 10. Re1 a5 11. Qc2 a4 12. e4 e5 13. Nf1 dxe4 14. dxe4 Bc5 15. h3 Qb6 16. hxg4 Bxf2+ 17. Kh1 Bxe1 18. Rxe1 Nxg4 19. Bc1 axb3 20. axb3 Nc5 21. Bd1 Nd3 22. Be3 Nxe1 23. Bxb6 Nxc2 24. Bxc2 Ra6 25. Ne3 h5 0-1

[Event "Bundesliga 9495"]
[Site "GER"]
[Date "1994.??.??"]
[Round "?"]
[White "Reschke, Stefan"]
[Black "Backwinkel, Paul"]
[Result "1/2-1/2"]
[WhiteElo "2390"]
[BlackElo "2410"]
[PlyCount "144"]
[EventDate "1994.10.??"]
[Source "www.chesslib.no"]
[SourceDate "2004.05.04"]

1. c4 c6 2. Nf3 d5 3. b3 Bg4 4. e3 e5 5. h3 Bxf3 6. Qxf3 Nf6 7. Bb2 Nbd7 8. cxd5 cxd5 9. Nc3 e4 10. Qg3 a6 11. Be2 Qb8 12. Qxb8+ Rxb8 13. d3 Bb4 14. O-O O-O 15. Rac1 Rfd8 16. Rfd1 Nb6 17. Na4 Nxa4 18. bxa4 Be7 19. dxe4 dxe4 20. Rxd8+ Rxd8 21. Bd4 Nd5 22. Bg4 b5 23. axb5 axb5 24. Bf5 Nf6 25. Bc8 Ne8 26. Bg4 g6 27. Be2 Nd6 28. g4 Ra8 29. Rc2 f5 30. Kf1 Kf7 31. Ke1 Nc4 32. gxf5 gxf5 33. f3 Bh4+ 34. Kf1 Ke6 35. fxe4 fxe4 36. Bxc4+ bxc4 37. Rxc4 Rxa2 38. Rc6+ Kd5 39. Rh6 Bg5 40. Rxh7 Ra3 41. Kf2 Ra2+ 42. Kg3 Ra3 43. Kf2 Ra2+ 44. Ke1 Ra3 45. Ra7 Rxa7 46. Bxa7 Ke6 47. Kd2 Kd5 48. Bb8 Bh4 49. Bf4 Kc4 50. Kc2 Kb4 51. Bh6 Kc4 52. Bg7 Bg5 53. Bd4 Kb4 54. Bc3+ Kc4 55. Bd2 Bh4 56. Bc1 Bg5 57. Kd2 Kd5 58. Ke2 Ke5 59. Bd2 Kf5 60. Be1 Bf6 61. Bf2 Bg7 62. Bh4 Bh6 63. Bd8 Kg6 64. Kf2 Kh5 65. Bf6 Bf8 66. Be5 Kh4 67. Kg2 Be7 68. Bg3+ Kg5 69. Kf2 Bc5 70. Bf4+ Kh4 71. Kg2 Bb6 72. Bg3+ Kg5 1/2-1/2

[Event "SLO-ch"]
[Site "?"]
[Date "1998.??.??"]
[Round "4"]
[White "Ivacic Vladimir"]
[Black "Pavasovic Dusko"]
[Result "0-1"]
[WhiteElo "2295"]
[BlackElo "2505"]
[PlyCount "64"]
[EventDate "1998.??.??"]
[Source "www.chesslib.no"]
[SourceDate "2004.05.04"]

1. c4 c6 2. Nf3 d5 3. b3 Bg4 4. Ne5 Bh5 5. g4 Bg6 6. Nxg6 hxg6 7. Bg2 dxc4 8. bxc4 e5 9. Bb2 Nd7 10. h3 Ngf6 11. Nc3 Be7 12. d3 Nc5 13. Qd2 a5 14. Rb1 Qc7 15. Qc2 a4 16. Bc1 O-O 17. O-O Rfe8 18. Be3 Nfd7 19. Kh1 Bd6 20. Bd2 f5 21. gxf5 gxf5 22. f4 exf4 23. d4 Ne6 24. c5 Bf8 25. Qxf5 Nxd4 26. Qd3 Ne6 27. Qc4 Ne5 28. Qb4 Nxc5 29. Bxf4 Qa5 30. Qb2 Ne6 31. Bxe5 Qxe5 32. Qxb7 Bd6 0-1

[Event "ETCC w"]
[Site "Crete GRE"]
[Date "2007.11.05"]
[Round "8"]
[White "Dzagnidze, N."]
[Black "Madl, I."]
[Result "1/2-1/2"]
[WhiteElo "2416"]
[BlackElo "2381"]
[PlyCount "84"]
[EventDate "2007.10.28"]
[Source "www.chesslib.no"]
[SourceDate "2004.05.04"]

1. c4 c6 2. Nf3 d5 3. b3 Bg4 4. Bb2 e6 5. e3 Nd7 6. Be2 Ngf6 7. O-O Be7 8. d3 O-O 9. Nbd2 Bh5 10. Re1 a5 11. e4 dxe4 12. dxe4 Bg6 13. Bf1 Bc5 14. Re2 Qb6 15. Qe1 a4 16. Bc3 axb3 17. axb3 Rfd8 18. Rb1 Bb4 19. Bxb4 Qxb4 20. h3 Nc5 21. Re3 Rd7 22. Rd1 Rad8 23. g4 h6 24. e5 Ne8 25. Nb1 Qxe1 26. Rdxe1 Na6 27. R3e2 Nb4 28. Rd2 Nc7 29. Red1 Rxd2 30. Rxd2 Rxd2 31. Nbxd2 Nca6 32. Nd4 Nc5 33. f4 Ncd3 34. Bxd3 Nxd3 35. Ne2 h5 36. Kg2 hxg4 37. hxg4 Kf8 38. Kg3 Nb4 39. Nd4 Ke7 40. f5 exf5 41. gxf5 Bh5 42. Ne4 Nd3 1/2-1/2

[Event "AUT-chT 9899"]
[Site "?"]
[Date "1998.??.??"]
[Round "?"]
[White "Duer Arne"]
[Black "Volkmann Friedrich Karl"]
[Result "1/2-1/2"]
[WhiteElo "2380"]
[BlackElo "2415"]
[PlyCount "24"]
[EventDate "1998.??.??"]
[Source "www.chesslib.no"]
[SourceDate "2004.05.04"]

1. c4 c6 2. Nf3 d5 3. b3 Bg4 4. Bb2 Nd7 5. e3 e5 6. h3 Bxf3 7. Qxf3 Ngf6 8. cxd5 cxd5 9. Bb5 Bd6 10. Nc3 e4 11. Qe2 a6 12. Bxd7+ Qxd7 1/2-1/2

[Event "Dublin zt"]
[Site "Dublin"]
[Date "1993.??.??"]
[Round "10"]
[White "Webster, Andrew"]
[Black "Levitt, Jonathan"]
[Result "0-1"]
[WhiteElo "2330"]
[BlackElo "2460"]
[PlyCount "106"]
[EventDate "1993.04.??"]
[Source "ChessBase"]

1. c4 c6 2. Nf3 d5 3. b3 Bg4 4. Ne5 Bh5 5. d4 Nd7 6. Nd3 e6 7. Nd2 Bd6 8. g3 Ngf6 9. Bg2 O-O 10. O-O Qe7 11. Bb2 Bg6 12. Ne5 Bf5 13. Ndf3 h6 14. Qc1 Rac8 15. Rd1 Bh7 16. c5 Bb8 17. b4 Ne4 18. a4 f6 19. Nxd7 Qxd7 20. Nd2 f5 21. e3 g5 22. Nxe4 fxe4 23. Bc3 Rf6 24. Qb2 Rcf8 25. Be1 Qe8 26. b5 e5 27. bxc6 bxc6 28. Bc3 exd4 29. Bxd4 R6f7 30. Ra3 Bf5 31. Rb3 Bc7 32. a5 Bc8 33. Bf1 h5 34. a6 h4 35. Bg2 Qe6 36. Rd2 Rh7 37. Bf1 Qf5 38. Qa1 Rhf7 39. Rb1 hxg3 40. fxg3 Qh7 41. Be5 Rxf1+ 42. Rxf1 Rxf1+ 43. Kxf1 Qf5+ 44. Bf4 gxf4 45. gxf4 Kf7 46. Rg2 Qf6 47. Qd1 Qh4 48. Kg1 Bd8 49. Rg3 Qh8 50. Kh1 Bh4 51. Rg1 Bf2 52. Rf1 Bxe3 53. f5 Qh3 0-1

[Event "Kobanya Open"]
[Site "Kobanya"]
[Date "1991.??.??"]
[Round "10"]
[White "Stajcic, Nikola"]
[Black "Kallai, Gabor"]
[Result "0-1"]
[WhiteElo "2345"]
[BlackElo "2440"]
[PlyCount "88"]
[EventDate "1991.??.??"]
[Source "www.chesslib.no"]
[SourceDate "2004.05.04"]

1. c4 c6 2. Nf3 d5 3. b3 Bg4 4. Bb2 Nd7 5. d3 Bxf3 6. exf3 Ngf6 7. f4 e6 8. Nd2 Qb6 9. Be2 Bc5 10. O-O Bd4 11. Qc2 O-O 12. Nf3 Bxb2 13. Qxb2 dxc4 14. dxc4 a5 15. Rad1 Rfd8 16. g3 Nc5 17. Ne5 Kf8 18. Bf3 Qb4 19. Qc2 a4 20. Rxd8+ Rxd8 21. Rd1 Rxd1+ 22. Qxd1 Ke8 23. bxa4 Ncd7 24. a5 Qxa5 25. Nxd7 Nxd7 26. Qb1 Nc5 27. Qxh7 Qxa2 28. h4 Qa1+ 29. Kh2 Qd4 30. h5 Nd3 31. Bg2 Nxf2 32. Qb1 Ng4+ 33. Kh3 Nf2+ 34. Kh2 Qc5 35. Qxb7 Ng4+ 36. Kh1 Qxh5+ 37. Kg1 Qh2+ 38. Kf1 Ne3+ 39. Kf2 Qxg2+ 40. Kxe3 Qxg3+ 41. Ke4 f5+ 42. Kd4 Qxf4+ 43. Kd3 Qe4+ 44. Kc3 Qe5+ 0-1

[Event "Sofia BUL"]
[Site "?"]
[Date "2006.05.13"]
[Round "4"]
[White "Bojchev Marian"]
[Black "Vasilev Milen"]
[Result "1-0"]
[WhiteElo "2324"]
[BlackElo "2460"]
[PlyCount "103"]
[EventDate "2006.??.??"]
[Source "www.chesslib.no"]
[SourceDate "2004.05.04"]

1. c4 c6 2. Nf3 d5 3. b3 Bg4 4. e3 Nf6 5. Bb2 e6 6. Be2 Nbd7 7. O-O Bd6 8. h3 Bh5 9. d4 Ne4 10. Ne5 Bxe2 11. Qxe2 O-O 12. Rd1 f6 13. Nxd7 Qxd7 14. Nd2 f5 15. f3 Ng3 16. Qd3 Qe8 17. a4 Rf6 18. Nf1 Qh5 19. Nxg3 Bxg3 20. Rf1 Raf8 21. Bc3 Bc7 22. Be1 Rg6 23. Kh1 Bg3 24. Qe2 Rff6 25. Bf2 Qh4 26. Bg1 Rh6 27. Bf2 Rfg6 28. f4 Bxf2 29. Rxf2 Rg3 30. Re1 a5 31. Qf1 Rh5 32. Ree2 h6 33. Rf3 Rg4 34. Qe1 Qd8 35. c5 g5 36. b4 axb4 37. Qxb4 Qe7 38. Rb2 gxf4 39. exf4 Rg7 40. Kh2 Rh4 41. Qe1 Qf6 42. Qe5 Qg6 43. Re2 Qh5 44. Qxe6+ Kh7 45. Qe8 Qg4 46. Qe3 Qh5 47. Kg1 Rg8 48. Kf1 Rg7 49. Rg3 Qf7 50. Rxg7+ Qxg7 51. Kg1 Qc7 52. Qe7+ 1-0